| 000 | 00707nam a2200205 i 4500 | ||
|---|---|---|---|
| 001 | 164782 | ||
| 003 | ES-MaACL | ||
| 005 | 20250925063046.0 | ||
| 008 | 990521s1893 sp |||| | spa d | ||
| 040 |
_aCCPB | B _bspa _cCCPB | B |
||
| 100 | 1 |
_aSanz y Escartín, Eduardo, _d1855-1939 _9103695 |
|
| 245 | 1 | 3 |
_aEl estado y la reforma social / _cpor Eduardo Sanz y Escartín. |
| 260 |
_aMadrid : _b[s.n.], _c1893 ( _fImprenta de la Soc. Edit. de San Francisco de Sales) |
||
| 300 |
_a292 p. ; _c23 cm. |
||
| 597 | _aAntep. | ||
| 650 | 0 | 4 |
_aPolítica social. _916308 |
| 852 |
_aES-MaACL _jF-12737 _z-- Enc. hol. |
||
| 852 |
_aES-MaACL _jD-4960 _z-- Enc. pasta española |
||
| 999 |
_c164782 _d164782 |
||